000 00972nam a22002531 4500
001 18600
003 BD-RjUL
005 20211209000316.0
008 140220s1961 ii a 000 1 eng d
035 _a(BD-RjUL)18658
035 _a(OCoLC)11053859
040 _aDLC
_cCLS
_dDLC
_dBD-RjUL
_beng
041 _aeng
082 0 0 _a822.33
_bSEW 1961
100 1 _aShakespeare, William,
_d1564-1616.
_957297
245 1 0 _aWit and wisdom of Shakespeare :
_bbeing a treasury of over four thousand 'gems of the purest ray serene' collected from the complete poetic and dramatic works of the greatest philosopher-poet of the world and classified under about three hundred subjects /
_cby N.B. Sen.
260 _aNew Delhi :
_bNew Book Society of India
_c1961.
300 _a400 p. :
_billus.
_c23 cm.
600 1 0 _aShakespeare, William,
_d1564-1616
_xQuotations.
_957302
700 1 _aSen, N. B.,
_eed.
_957299
942 _2ddc
_cBK
999 _c18600
_d18600